Statistiques concernant Effectif RC Lens, saison 2023-2024

Cliquez ici pour prendre le quiz!

Statistiques générales

  • Ce quiz a été pris 53 fois
  • Le résultat moyen est 19 sur 31

Statistiques - réponses

effectifNationalitéréponses% Correct
DéfenseurAutricheKevin Danso / Danso
93%
GardienFranceBrice Samba / Samba
90%
DéfenseurArgentineFacundo Medina / Medina
90%
AttaquantFranceFlorian Sotoca / Sotoca
88%
EntraineurFranceFranck Haise / Haise
88%
AttaquantFranceSepe Elye Wahi / Wahi
85%
DéfenseurFranceJonathan Gradit/ Gradit
83%
GardienFranceJean-Louis Leca / Leca
78%
MilieuPolognePrzemyslaw Frankowski / Frankowski
78%
MilieuFranceAdrien Thomasson/ Thomasson
75%
MilieuPortugalDavid Da costa / Da costa
75%
MilieuGhanaSalis Abdul Samed / Samed
73%
MilieuFranceAndy Diouf / Diouf
70%
MilieuFranceAngelo Fulgini / Fulgini
70%
DéfenseurColombieDeiver Machado / Machado
70%
AttaquantFranceWesley Said / Said
70%
DéfenseurMaliMassadio Haidara / Haidara
68%
MilieuSénégalNampalys Mendy / Mendy
60%
MilieuMarocNeil El Aynaoui / El aynaoui / Aynaoui
60%
DéfenseurEquateurJhoanner Chavez / Chavez
58%
DéfenseurFranceRuben Aguilar / Aguilar
58%
AttaquantGuinéeMorgan Guilavogui / Guilavogui
55%
DéfenseurOuzbékistanAbdukodir Khusanov / Khusanov
53%
MilieuBelgiqueAyanda Sishuba / Sishuba
43%
GardienComoresYannick Pandor / Pandor
43%
MilieuFranceJimmy Cabot / Cabot
25%
AdjointFranceLillian Nalis / Nalis
25%
MilieuFranceFodé Sylla/ Sylla
13%
Entraineur des GardiensFranceHervé Sékli / Sékli
8%
AdjointFranceJohann Ramare/ Ramare
8%
Préparateur PhysiqueFranceVincent Lannoy / Lannoy
5%

Distribution des résultats

Percentile par nombre de réponses

% des personnes avec chaque résultat

Votre développement - résultats

Vous n’avez pas pris ce quiz